Transcantábrico : el papel estratégico del turismo itinerante /
Сохранить в:
| Главные авторы: | , |
|---|---|
| Формат: | Электронный ресурс eКнига |
| Язык: | испанский |
| Опубликовано: |
Oviedo, España :
septem ediciones,
[2012]
|
| Серии: | Colección E-Septem.
Septem piezas. |
| Предметы: | |
| Online-ссылка: | Digitalia Hispánica |
| Метки: |
Добавить метку
Нет меток, Требуется 1-ая метка записи!
|
MARC
| LEADER | 00000nam a2200000Ii 4500 | ||
|---|---|---|---|
| 001 | DIGSEPTEM0030 | ||
| 003 | NyNyDIG | ||
| 006 | m o d | ||
| 007 | cr ||||||||||| | ||
| 008 | 221001s2012 sp a ob 000 0 spa d | ||
| 035 | |a (OCoLC)844251815 | ||
| 040 | |a DGITA |b eng |e rda |e pn |c DGITA | ||
| 020 | |a 9788415279112 |q pdf | ||
| 020 | |z 9788492536696 | ||
| 041 | 0 | |a spa |b spa |b eng | |
| 043 | |a e-sp--- | ||
| 050 | 1 | 4 | |a HE3194 ebook |
| 100 | 1 | |a Magadán Díaz, Marta, |e author. | |
| 245 | 1 | 0 | |a Transcantábrico : |b el papel estratégico del turismo itinerante / |c Marta Magadán Díaz, Jesús Rivas García. |
| 246 | 3 | 0 | |a Papel estratégico del turismo itinerante |
| 264 | 1 | |a Oviedo, España : |b septem ediciones, |c [2012] | |
| 300 | |a 1 online resource : |b illustrations. | ||
| 336 | |a text |b txt |2 rdacontent | ||
| 337 | |a computer |b c |2 rdamedia | ||
| 338 | |a online resource |b cr |2 rdacarrier | ||
| 347 | |a text file |2 rdaft | ||
| 347 | |b PDF | ||
| 490 | 1 | |a E-Septem | |
| 504 | |a Includes bibliographical references. | ||
| 546 | |a Text in Spanish with abstract in Spanish and English. | ||
| 588 | 0 | |a Online resource; title from PDF title page (Digitalia, viewed October 1, 2022) | |
| 610 | 2 | 0 | |a Transcantábrico (Railroad train) |
| 650 | 0 | |a Railroad travel |z Spain |z Cantabrian Mountains Region. | |
| 650 | 0 | |a Tourism |z Spain |z Cantabrian Mountains Region.G155.A1 | |
| 655 | 0 | |a Electronic books. | |
| 700 | 1 | |a Rivas García, Jesús, |e author. | |
| 791 | 2 | |a Digitalia (Firm), |e distributor. | |
| 793 | 0 | |g Digitalia eBook Collection: |a Septem Ediciones | |
| 776 | 0 | 8 | |i Print version: |a Magadán Díaz, Marta. |t Transcantábrico. |d Oviedo, España : septem ediciones, [2011] |z 9788492536696 |
| 830 | 0 | |a Colección E-Septem. | |
| 830 | 0 | |a Septem piezas. | |
| 856 | 4 | 0 | |3 Digitalia Hispánica |u https://digitalia.unach.elogim.com/a/35548/ |
| 910 | |a Premium collection: 2022 | ||